000 00375nam a2200133 4500
005 20260530115309.0
100 1 _a/ Unesco
_932490
245 1 0 _aEl Parimonio de México y su valor Universal. 2011
264 1 _bSria. de Cultura Gob del Edo de SLP
_c2011
300 _a90 páginas
336 _atexto
_2rdacontent
337 _asin medio
_2rdamedia
338 _avolumen
_2rdacarrier
999 _c13239
_d13239